Soghaat-e-Manajat / (Record no. 36983)

MARC details
000 -LEADER
fixed length control field 00400nam a22001577a 4500
005 - DATE AND TIME OF LATEST TRANSACTION
control field 20250715100004.0
008 - FIXED-LENGTH DATA ELEMENTS--GENERAL INFORMATION
fixed length control field 250715b |||||||| |||| 00| 0 eng d
082 ## - DEWEY DECIMAL CLASSIFICATION NUMBER
Classification number 891.4
Item number MUZ-S
100 ## - MAIN ENTRY--AUTHOR
Author Name Muzafar Saeedi
245 ## - TITLE STATEMENT
Title Soghaat-e-Manajat /
260 ## - PUBLICATION, DISTRIBUTION, ETC.
Place of Publication Pakistan :
Name of publisher, distributor, etc. Iqra Publisher;
Date of publication, distribution, etc. 2014.
300 ## - PHYSICAL DESCRIPTION
Pages 162 p. :
500 ## - GENERAL NOTE
General note include Dua.
650 ## - SUBJECT ADDED ENTRY--TOPICAL TERM
Subject / Department Urdu Litreature
300 ## - PHYSICAL DESCRIPTION
-- 22 cm.
952 ## - LOCATION AND ITEM INFORMATION (KOHA)
-- 0
-- 0
Holdings
Lost status Damaged status Collection code Permanent Location Current Location Shelving Location Date acquired Full Call Number Accession No./Barcode Date last seen item type Koha item type
    CS/IT Superior Information Resource Center (SIRC) Superior University- Gold Campus Superior Information Resource Center (SIRC) Superior University- Gold Campus Urdu Litreature 07/15/2025 891.44 MUZ-S 2014 30341 07/15/2025 BOOK BOOK

Powered by Koha